Loading...
| Literature - European | 0 | 9 | 1 | 1 | 85 | 50 | 107.89 | 1 | 5 | 0.00 | 0.00 |
| Fine Arts - Other | 0 | 8 | 1 | 1 | 75 | 20 | 73.38 | 2 | 6 | 0.00 | 0.00 |
| Literature - World | 0 | 7 | 0 | 0 | 70 | 88 | 123.14 | 0 | 3 | 0.00 | 0.00 |
| Fine Arts - Painting and Sculpture | 0 | 7 | 1 | 0 | 65 | 68 | 91.14 | 2 | 5 | 0.00 | 0.00 |
| Literature - American | 0 | 7 | 2 | 1 | 60 | 50 | 104.29 | 1 | 5 | 0.00 | 0.00 |
| Fine Arts - Classical Music | 0 | 6 | 1 | 2 | 55 | 96 | 120.00 | 2 | 3 | 0.00 | 0.00 |
| Literature - British | 0 | 6 | 2 | 1 | 50 | 48 | 108.33 | 1 | 3 | 0.00 | 0.00 |
| History - World | 0 | 6 | 4 | 0 | 40 | 38 | 71.67 | 4 | 5 | 0.00 | 0.00 |
| Science - Biology | 0 | 4 | 0 | 3 | 40 | 36 | 99.50 | 1 | 2 | 0.00 | 0.00 |
| Religion | 0 | 4 | 1 | 1 | 35 | 114 | 125.25 | 1 | 3 | 0.00 | 0.00 |
| History - American | 0 | 4 | 1 | 1 | 35 | 102 | 114.25 | 2 | 2 | 0.00 | 0.00 |
| Mythology | 0 | 3 | 0 | 0 | 30 | 109 | 122.33 | 1 | 1 | 0.00 | 0.00 |
| History - European | 0 | 4 | 2 | 0 | 30 | 57 | 73.50 | 2 | 2 | 0.00 | 0.00 |
| Pop Culture | 0 | 3 | 0 | 1 | 30 | 43 | 110.33 | 1 | 1 | 0.00 | 0.00 |
| Social Science | 0 | 3 | 1 | 0 | 25 | 74 | 96.00 | 0 | 1 | 0.00 | 0.00 |
| Philosophy | 0 | 3 | 1 | 0 | 25 | 104 | 114.33 | 0 | 0 | 0.00 | 0.00 |
| Science - Other | 0 | 1 | 0 | 0 | 10 | 114 | 114.00 | 0 | 0 | 0.00 | 0.00 |
| Current Events | 0 | 1 | 0 | 0 | 10 | 133 | 133.00 | 0 | 0 | 0.00 | 0.00 |
| Geography | 0 | 1 | 0 | 0 | 10 | 120 | 120.00 | 0 | 0 | 0.00 | 0.00 |
| Other Academic | 0 | 1 | 0 | 0 | 10 | 131 | 131.00 | 0 | 0 | 0.00 | 0.00 |
| Science - Chemistry | 0 | 0 | 0 | 0 | 0 | 0.00 | 0 | 0 | 0.00 | 0.00 | |
| History - Other | 0 | 1 | 2 | 1 | 0 | 125 | 125.00 | 0 | 0 | 0.00 | 0.00 |
| Science - Physics | 0 | 0 | 1 | 0 | -5 | 0.00 | 0 | 0 | 0.00 | 0.00 |